| 000 | 00652nam a2200181Ia 4500 | ||
|---|---|---|---|
| 003 | GCL | ||
| 008 | 140319s9999 xx 000 0 ara d | ||
| 040 |
_aGCL / _cGCL |
||
| 082 | 0 | 4 |
_a811.6 _bح د |
| 100 | 1 | _aابن حمد يس : ابومحمد عبدالجبار بن ابى بكر بن الازدى الصقلى | |
| 245 | 1 | 0 |
_aديوان ابن حمديس / _cابن حمد يس : ابومحمد عبدالجبار بن ابى بكر بن الازدى الصقلى |
| 260 |
_a[S.N] : _bدار صادر |
||
| 490 | _a | ||
| 650 | 0 | 4 | _aالشعر العربى |
| 650 | 0 | 4 | _aالاندلس |
| 650 | 0 | 4 | _aدواوين وقصائد |
| 942 |
_2ddc _cBK |
||
| 999 |
_c37487 _d37487 |
||